Formato MARC21
Registro MARC21
Canción patriótica=001 M000478
=003 BDML
=005 19032026211221
=008 190326||||||||||||||||||||||||||||||||||
=031 ##$a1$b1$c1$dAire marcial$gG-2$mPiano$p-''ExDE/8.G6D8xCD/8.G6D8xCD/$2pe
=040 ##$aBDML$bspa$cBDML
=092 ##$aBDML$bBDML$cEC$dMs$0M000478
=100 1#$aLozano, Manuel de Jesús$d1908-1994$jCertificada
=245 10$aCanción patriótica$h[música manuscrita]
=264 #0$c1963
=300 ##$a2 folios$c33 x 25.5 cm.
=340 ##$dManuscrito
=348 ##$aPartitura
=382 ##$apiano$bpiano
=384 0#$aDo mayor
=500 ##$aDatos tomados del encabezado de la página.
=545 0#$aManuel de Jesús Lozano nació en Loja, Ecuador, el 30 de diciembre de 1908 y desde temprana edad mostró una marcada inclinación por la música. Según el testimonio de su hijo Luis Lozano, su madre, Rosita Lozano Bustamante, al notar su interés musical realizó un esfuerzo para conseguirle su primera guitarra, lo que marcó el inicio de su formación. Posteriormente fue acogido como alumno por el compositor lojano Salvador Bustamante Celi, quien le impartió conocimientos teóricos musicales. En el ámbito laboral se desempeñó como radio operador y ocupó varios cargos vinculados a las telecomunicaciones; en 1944 fue jefe provincial del Telégrafo en Loja, actividad que lo llevó a trabajar fuera de la ciudad, donde también dirigió pequeñas agrupaciones musicales. A partir de 1959 se desempeñó como docente en el Conservatorio de Música Salvador Bustamante Celi y posteriormente trabajó como radiooperador en el Banco Nacional de Fomento, sucursal Loja. Como compositor aportó significativamente a la cultura musical lojana mediante obras principalmente en géneros como pasillos, valses y sanjuanitos, cuya producción se conserva actualmente en el Museo de la Música Salvador Zaragocín Tapia. Falleció en Malacatos en el año 1994.$uhttps://dspace.unl.edu.ec/server/api/core/bitstreams/cf2a82a8-b322-44c5-80ff-ef9ddcb92dc1/content
=650 04$aMúsica para piano$ySiglo XX$zEcuador, Loja
=650 04$aHimnos
=700 1#$aArrobo Carrión, Carlos$d1910-2010$eLetrista
=773 1#$aLozano, Manuel de Jesús (1908-1994)$tCanción patriótica$wM000429
=852 ##$aMuseo de la Música Salvador Zaragocín Tapia$hAnexo 12